[Event "VI Festival Internacional de Calvía"]
[Site "Calvía"]
[Date "2009.10.14"]
[Round "5.8"]
[White "Fruebing, Thomas"]
[Black "Schuermans, Robert"]
[Result "1/2-1/2"]
[WhiteElo "2232"]
[BlackElo "2103"]
[PlyCount "130"]
[EventDate "2009.??.??"]

1. e4 e5 2. Nf3 Nc6 3. Bc4 Nf6 4. Ng5 Bc5 5. d4 Bxd4 6. Bxf7+ Ke7 7. Bd5 Rf8 8.
Nf3 Bb6 9. Bg5 d6 10. Nh4 Ke8 11. O-O Bg4 12. Qd3 Nd4 13. Nf5 Qd7 14. Nxd4 Nxd5
15. exd5 Bxd4 16. c3 Bb6 17. Nd2 Qf7 18. Be3 Qh5 19. Rae1 Bf5 20. Qc4 Qg6 21.
Bxb6 axb6 22. Ne4 Kd8 23. f3 Bd7 24. a3 Rf4 25. Qe2 Ke7 26. Rf2 Raf8 27. g3 Kd8
28. Kh1 R4f7 29. Qe3 h6 30. Rg1 Qh5 31. g4 Qh4 32. Rg3 Rf4 33. Kg2 Qe7 34. c4
Qf7 35. h3 g5 36. b3 Qh7 37. a4 Be8 38. a5 Bg6 39. Nc3 bxa5 40. Qa7 Qd7 41.
Qa8+ Qc8 42. Qxa5 e4 43. c5 dxc5 44. Qxc5 Qd7 45. Qa7 b6 46. Qa8+ Ke7 47. Qa1
Qd6 48. Re2 Kf7 49. fxe4 Qe5 50. Qe1 Kg7 51. Rge3 h5 52. Rg3 Rf1 53. Qd2 h4 54.
Rd3 R8f3 55. Rxf3 Rxf3 56. Rf2 Qg3+ 57. Kf1 Qxh3+ 58. Ke2 Rxc3 59. Qd4+ Kg8 60.
Rf8+ Kxf8 61. Qf6+ Ke8 (61... Bf7 62. Qd8+ Be8 63. Qf6+ Kg8 64. Qxg5+ Kf7 65.
Qf5+ Ke7 66. Qe6+ Kd8 67. Qf6+ Kc8 $19) 62. Qxg6+ Kd8 63. Qg8+ Kd7 64. Qe6+ Kd8
65. Qg8+ Kd7 1/2-1/2